000 00869nam0a22002531 4500
001 v19\rc\1676064
005 20260406203456.0
035 _a(NLR Aleph) 004782734
090 _a4681528
_c4681528
100 _a20061002d1894 |||y0rusy50 ca
101 0 _arus
102 _aRU
105 _ay z |||||
200 1 _aУстав Общества Миловицких каменноугольных копей и заводов
_e[Утв. 9 июля 1894 г.]
210 _aСанкт-Петербург
_d1894
215 _a41 с.
_d22
710 0 2 _aОбщество Миловицких каменноугольных копей и заводов
_9423620
_3RU\NLR\AUTH\889963685
801 0 _aRU
_bNLR
_gpsbo
801 0 _aRU
_bRuMoRGB
_2psbo
801 1 _aRU
_bProSoft-M
_2rusmarc
852 _aNLR
_j18.269.2.171
899 _aRuMoRGB
_jR 8/1162
942 _cBOOK
980 _aNB